000 01595cam a2200409 i 4500
001 xx002435167
003 NUKAT
005 20260330224712.0
008 120404s1928 pl g |000 0 pol c
035 _a(OCoLC)804739682
035 _a(NUKAT)xx002435167
040 _aKAT U/AM
_bpol
_erda
_cKAT U/AMmok
_dWA U/ZZ
_dOLSZT 008/AL
100 1 _aBorth, Władysław
_d(1892-1968).
_eAutor
_939266
245 1 0 _aZ walk o niepodległość na Górnym Śląsku :
_bplebiscyt i powstanie w Król. Hucie /
_cWładysław Borth.
260 _aKatowice :
_bKsięgarnia i Drukarnia Katolicka,
_c1928.
300 _a56 stron ;
_c22 cm.
336 _aTekst
_btxt
_2rdacontent
337 _aBez urządzenia pośredniczącego
_bn
_2rdamedia
338 _aWolumin
_bnc
_2rdacarrier
380 _aKsiążki
380 _aLiteratura faktu, eseje, publicystyka
386 _mPrzynależność kulturowa
_aLiteratura polska
388 1 _a1901-2000
388 1 _a1918-1939
600 1 7 _aBorth, Władysław
_d(1894-1968)
_2DBN
_939268
648 7 _a1901-2000
_2DBN
_934996
648 7 _a1918-1939
_2DBN
_936041
650 7 _aPlebiscyt na Górnym Śląsku (1921)
_2DBN
_939269
650 7 _aPowstania śląskie (1919-1921)
_2DBN
_939270
650 7 _aPlebiscyt
_zPolska
_zŚląsk, Górny (region).
_2kaba
_9223
651 7 _aChorzów (woj. śląskie)
_2DBN
_939271
651 7 _aŚląsk, Górny (Polska ; region)
_y1919-1921.
_2kaba
_9210
655 7 _aPamiętniki i wspomnienia
_2DBN
_935005
658 _aHistoria
710 2 _aKsięgarnia i Drukarnia Katolicka (Katowice).
_eWydawca
_4pbl
_939267
942 _2ddc
_cBK_NM
999 _c27365
_d27365